[Event "Titled Tuesday intern op 17th Jan Early"]
[Site "Chess.com INT"]
[Date "2023.01.17"]
[Round "11"]
[White "Zemlyanskii, Ivan"]
[Black "Pfreundt, Jakob"]
[Result "0-1"]
[WhiteElo "2237"]
[BlackElo "2407"]
[PlyCount "128"]
[EventDate "2023.01.17"]
[EventType "swiss (blitz)"]
[EventRounds "11"]
[EventCountry "USA"]
[SourceTitle "CBM 212 Extra"]
[Source "ChessBase"]
[SourceDate "2023.03.31"]
[SourceVersion "1"]
[SourceVersionDate "2023.03.31"]
[SourceQuality "1"]

1. d4 d5 2. c4 e6 3. Nf3 c5 4. cxd5 exd5 5. Nc3 Nc6 6. g3 Nf6 7. Bg2 c4 8. 0-0 Be7 9. b3 cxb3 10. Qxb3 0-0 11. Bg5 Na5 12. Qc2 Be6 13. e3 Rc8 14. Bxf6 Bxf6 15. Qd3 Nc4 16. Rfc1 Qd7 17. Nd2 b5 18. Rab1 a6 19. Qe2 Rfe8 20. Nb3 b4 21. Nd1 Be7 22. Nb2 Na3 23. Ra1 Qb5 24. Qxb5 axb5 25. Nd3 Rc4 26. Nf4 Rd8 27. Bf1 g5 28. Nd3 Rdc8 29. Nbc5 Bf5 30. Rd1 Rc3 31. Nxb4 Bxc5 32. dxc5 R3xc5 33. Nxd5 Kg7 34. Ne7 R8c7 35. Nxf5+ Rxf5 36. Rd3 b4 37. Rb3 Rc2 38. Bd3 Rfxf2 39. Bxc2 Rxc2 40. Rxb4 Nc4 41. Rxc4 Rxc4 42. a4 Rc6 43. a5 Ra6 44. Kf2 Kf6 45. Kf3 Kf5 46. g4+ Ke5 47. Ke2 Kd5 48. Kd3 f6 49. Ra2 Kc5 50. Ke4 Kc4 51. Kf5 Kd3 52. e4 Kd4 53. Ra4+ Ke3 54. e5 fxe5 55. Kxe5 Kf3 56. Kf5 h6 57. Ke5 Kg2 58. Ra2+ Kh3 59. Ra4 Kxh2 60. Kd5 Kg3 61. Kc5 Kh4 62. Kb5 Ra8 63. a6 h5 64. gxh5+ Kxh5 0-1

[Event "Staufer op 33rd"]
[Site "Schwaebisch Gmuend"]
[Date "2023.01.02"]
[Round "1"]
[White "Pfreundt, Jakob"]
[Black "Burian, Simon"]
[Result "1-0"]
[WhiteElo "2407"]
[BlackElo "2163"]
[PlyCount "75"]
[EventDate "2023.01.02"]
[EventType "swiss"]
[EventRounds "9"]
[EventCountry "GER"]
[SourceTitle "CBM 212 Extra"]
[Source "ChessBase"]
[SourceDate "2023.03.31"]
[SourceVersion "1"]
[SourceVersionDate "2023.03.31"]
[SourceQuality "1"]

1. Nf3 c5 2. c4 Nf6 3. Nc3 Nc6 4. g3 d5 5. d4 e6 6. cxd5 Nxd5 7. Bg2 Nb6 8. Bg5 f6 9. dxc5 Qxd1+ 10. Rxd1 Bxc5 11. Bc1 Bd7 12. Nd2 f5 13. 0-0 a6 14. e4 0-0-0 15. Nb3 Be7 16. Rfe1 Rhe8 17. h4 h6 18. h5 Bb4 19. exf5 exf5 20. Bf4 Bxc3 21. bxc3 Na4 22. Be3 f4 23. gxf4 Nxc3 24. Rd6 Re7 25. Nc5 Bg4 26. Nxb7 Rxd6 27. Nxd6+ Kc7 28. Nc4 Ne2+ 29. Kh2 Bxh5 30. Bb6+ Kd7 31. Rd1+ Ned4 32. Bxc6+ Kxc6 33. Rxd4 Re2 34. a4 Rxf2+ 35. Kg3 Rf1 36. Rd6+ Kb7 37. Na5+ Kc8 38. Rd8# 1-0

[Event "Bremen Silvester op-A"]
[Site "Bremen"]
[Date "2022.12.29"]
[Round "5"]
[White "Issing, Peter"]
[Black "Pfreundt, Jakob"]
[Result "0-1"]
[WhiteElo "2106"]
[BlackElo "2407"]
[PlyCount "130"]
[EventDate "2022.12.27"]
[EventType "swiss"]
[EventRounds "7"]
[EventCountry "GER"]
[SourceTitle "CBM 211 Extra"]
[Source "ChessBase"]
[SourceDate "2023.01.31"]
[SourceVersion "1"]
[SourceVersionDate "2023.01.31"]
[SourceQuality "1"]

1. d4 Nf6 2. Nf3 e6 3. c4 d5 4. Nc3 dxc4 5. e3 a6 6. a4 c5 7. Bxc4 Nc6 8. 0-0 Be7 9. dxc5 Bxc5 10. Qxd8+ Kxd8 11. e4 Ng4 12. h3 Nge5 13. Nxe5 Nxe5 14. Be2 Ke7 15. Bf4 f6 16. Rac1 Bb6 17. Rfd1 Bd7 18. Kf1 g5 19. Bd2 Rhc8 20. b3 Nc6 21. Nb1 Be8 22. Na3 Bg6 23. f3 Bd4 24. Nc4 Be8 25. Na5 Nxa5 26. Bxa5 Rxc1 27. Rxc1 Bc6 28. Bb4+ Kf7 29. Bc5 Be5 30. Be3 Bg3 31. Bc4 h5 32. Ke2 h4 33. Bd3 Bd6 34. Rc2 Ke7 35. Rc1 Bd7 36. Bd4 Bf4 37. Rc2 Bc6 38. Bc5+ Kf7 39. Bb6 Ke8 40. Rb2 Kd7 41. Rb1 Bc7 42. Bd4 Ke7 43. Bc5+ Bd6 44. Bb6 Kf7 45. Bc4 Rc8 46. Rd1 Ke7 47. Bd3 Bd7 48. Bd4 Bf4 49. Bb2 Bc6 50. Ba3+ Kf7 51. Bb4 Kg6 52. Ba5 Re8 53. e5+ f5 54. Bc7 Rc8 55. Bd6 Bd5 56. Rb1 Rc3 57. Bc4 Rc2+ 58. Kf1 Kf7 59. Bxd5 exd5 60. b4 Ke6 61. b5 a5 62. b6 Ra2 63. Rb3 Rxa4 64. Bc7 Rb4 65. Ra3 a4 0-1

[Event "Bremen Silvester op-A"]
[Site "Bremen"]
[Date "2022.12.27"]
[Round "2"]
[White "Pfreundt, Jakob"]
[Black "Roehr, Oliver"]
[Result "1-0"]
[WhiteElo "2407"]
[BlackElo "2078"]
[PlyCount "71"]
[EventDate "2022.12.27"]
[EventType "swiss"]
[EventRounds "7"]
[EventCountry "GER"]
[SourceTitle "CBM 211 Extra"]
[Source "ChessBase"]
[SourceDate "2023.01.31"]
[SourceVersion "1"]
[SourceVersionDate "2023.01.31"]
[SourceQuality "1"]

1. d4 Nf6 2. Nf3 e6 3. Bf4 c5 4. e3 Nc6 5. Nc3 cxd4 6. exd4 Bb4 7. Bd3 Nd5 8. Bd2 Nxc3 9. bxc3 Be7 10. Qe2 d5 11. a4 Bf6 12. h4 Bd7 13. g3 Rc8 14. Kf1 Na5 15. Ne5 Bxe5 16. Qxe5 Nc4 17. Qxg7 Nxd2+ 18. Ke2 Ke7 19. Qg5+ f6 20. Qxd2 h5 21. Rhb1 Qc7 22. Rb3 b6 23. Ba6 Rb8 24. Kf1 Kf7 25. Bb5 a5 26. Rab1 Bxb5+ 27. Rxb5 Qc4+ 28. Kg2 Qxa4 29. Rxb6 Rxb6 30. Rxb6 Qd7 31. Qe2 a4 32. Ra6 Kg6 33. Rxe6 Ra8 34. Qe5 Qf7 35. Qg5+ Kh7 36. Rxf6 1-0